|
|
|
|
| LEADER |
00000nam0a2200000 4500 |
| 001 |
23131 |
| 005 |
20231030195124.0 |
| 010 |
|
|
|a 0521657474
|
| 035 |
|
|
|a (RuTPU)RU\TPU\book\23346
|
| 035 |
|
|
|a BOOK00023418
|
| 090 |
|
|
|a 23131
|
| 100 |
|
|
|a 20011209d1999 m y0engy50 ba
|
| 101 |
0 |
|
|a eng
|
| 102 |
|
|
|a US
|
| 105 |
|
|
|a y j 000zy
|
| 200 |
1 |
|
|a On the Air!
|f C. Sadow, E. Sather
|
| 210 |
|
|
|a New York
|c Cambridge University Press
|d 1999
|
| 215 |
|
|
|a 208 p.
|
| 517 |
1 |
|
|a Listening to Radio Talk
|
| 610 |
1 |
|
|a английский язык
|
| 610 |
1 |
|
|a учебные пособия
|
| 610 |
1 |
|
|a разговорная речь
|
| 610 |
1 |
|
|a устная речь
|
| 610 |
1 |
|
|a лексика
|
| 610 |
1 |
|
|a аудирование
|
| 686 |
|
|
|a Ш143.21-923.4
|v LBC/SL-A
|2 rubbk
|
| 700 |
|
1 |
|a Sadow
|b C.
|g Catherine
|
| 701 |
|
1 |
|a Sather
|b E.
|g Edgar
|
| 801 |
|
0 |
|a XX
|b 63413507
|c 20011209
|g PSBO
|
| 801 |
|
2 |
|a RU
|b 63413507
|c 20111001
|g PSBO
|
| 942 |
|
|
|c BK
|